Construction firms fined for illegal bid-rigging (Record no. 81864)

MARC details
000 -LEADER
fixed length control field 01099cad a22002055a 4500
001 - CONTROL NUMBER
control field L148478
008 - FIXED-LENGTH DATA ELEMENTS--GENERAL INFORMATION
fixed length control field 090923e20090922xxk f f000 0 eng d
035 ## - SYSTEM CONTROL NUMBER
System control number (Sirsi) u148478
041 0# - LANGUAGE CODE
Language code of text/sound track or separate title eng
110 1# - MAIN ENTRY--CORPORATE NAME
Corporate name or jurisdiction name as entry element United Kingdom
Subordinate unit Office of Fair Trading
9 (RLIN) 4767
245 00 - TITLE STATEMENT
Title Construction firms fined for illegal bid-rigging
Medium [electronic resource]
260 ## - PUBLICATION, DISTRIBUTION, ETC.
Date of publication, distribution, etc. 2009
490 ## - SERIES STATEMENT
Series statement OFT Press Release
Volume/sequential designation (114/09) 22 September 2009
520 ## - SUMMARY, ETC.
Summary, etc. Reports that the Office of Fair Trading has imposed fines on construction firms for illegal bid-rigging following one of its largest Competition Act investigations. 199 tenders were involved, during the period 2000 to 2006. Accompanying documents on the web page include: a table of infringements; an information note to procuring entities in the public and private sectors; and a table of parties and fines.
590 ## - LOCAL NOTE (RLIN)
Local note KA NTK
651 #4 - SUBJECT ADDED ENTRY--GEOGRAPHIC NAME
Geographic name England
Chronological subdivision 886-
690 ## - LOCAL SUBJECT ADDED ENTRY--TOPICAL TERM (OCLC, RLIN)
Topical term or geographic name as entry element MANAGEMENT-BUSINESS MANAGEMENT-PROFESSIONAL PRACTICE
856 40 - ELECTRONIC LOCATION AND ACCESS
Uniform Resource Identifier <a href="https://www.oft.gov.uk/news/press/2009/114-09">https://www.oft.gov.uk/news/press/2009/114-09</a>
Public note View the press release free of charge at www.oft.gov.uk...
942 ## - ADDED ENTRY ELEMENTS (KOHA)
Suppress in OPAC 0
Holdings
Withdrawn status Lost status Source of classification or shelving scheme Damaged status Not for loan Home library Current library Shelving location Date acquired Total Checkouts Full call number Barcode Date last seen Copy number Price effective from Koha item type
    Dewey Decimal Classification     Virtual Virtual Online 23/09/2009   ONLINE PUBLICATION 148478-1001 06/08/2019 1 06/08/2019 Journal article